000 00690cab a2200217 4500
001 ABS55117
008 090401t1996 xxu||||| |||| 00| 0 eng d
035 _a(Sirsi) u14330
041 _aeng
100 _aMenary, S.
245 _aTales from the riverside
260 _c1996
350 _a0
490 _aConstruction News
_v(6465) 16 May 1996, 25(1)
520 _aReports on the boom in construction of small football stadia as a substantial number of clubs undertake improvements with the help of money from television rights.
650 _aCONSTRUCTION MARKET
650 _aFOOTBALL STADIA
690 _aBUILDING AND CONSTRUCTION-PROJECTS
942 _n0
948 _c04/03/1997
999 _c9320
_d9320